Business Statistics (Record no. 232146)
[ view plain ]
| 000 -LEADER | |
|---|---|
| fixed length control field | 00593nam a22002177a 4500 |
| 005 - DATE AND TIME OF LATEST TRANSACTION | |
| control field | 20241205164854.0 |
| 008 - FIXED-LENGTH DATA ELEMENTS--GENERAL INFORMATION | |
| fixed length control field | 241205b ||||| |||| 00| 0 eng d |
| 040 ## - CATALOGING SOURCE | |
| Transcribing agency | AL |
| 041 ## - LANGUAGE CODE | |
| Language code of text/sound track or separate title | eng |
| 082 ## - DEWEY DECIMAL CLASSIFICATION NUMBER | |
| Edition number | 23 |
| Classification number | 519.5 |
| Item number | GEOB |
| 100 ## - MAIN ENTRY--PERSONAL NAME | |
| Personal name | Saji George |
| 100 ## - MAIN ENTRY--PERSONAL NAME | |
| 9 (RLIN) | 188047 |
| 245 ## - TITLE STATEMENT | |
| Title | Business Statistics |
| 260 ## - PUBLICATION, DISTRIBUTION, ETC. | |
| Place of publication, distribution, etc. | Bengaluru |
| Name of publisher, distributor, etc. | MPP House |
| Date of publication, distribution, etc. | 2024 |
| 300 ## - PHYSICAL DESCRIPTION | |
| Extent | 383p, |
| Other physical details | PB |
| Dimensions | 23x15cm. |
| 365 ## - TRADE PRICE | |
| Source of price type code | Law |
| Price type code | 1060 |
| Price amount | 434.35 |
| Currency code | ₹ |
| Unit of pricing | 595.00 |
| Price note | 27% |
| Price effective from | 28-11-2024 |
| 650 ## - SUBJECT ADDED ENTRY--TOPICAL TERM | |
| Topical term or geographic name entry element | Partition |
| 9 (RLIN) | 188048 |
| 650 ## - SUBJECT ADDED ENTRY--TOPICAL TERM | |
| Topical term or geographic name entry element | Values |
| 9 (RLIN) | 188049 |
| 650 ## - SUBJECT ADDED ENTRY--TOPICAL TERM | |
| Topical term or geographic name entry element | Statistical Data |
| 9 (RLIN) | 188050 |
| 700 ## - ADDED ENTRY--PERSONAL NAME | |
| Personal name | GEORGE (Saji) |
| 9 (RLIN) | 188051 |
| 942 ## - ADDED ENTRY ELEMENTS (KOHA) | |
| Source of classification or shelving scheme | Dewey Decimal Classification |
| Koha item type | Book |
| Withdrawn status | Lost status | Source of classification or shelving scheme | Damaged status | Not for loan | Collection code | Home library | Current library | Date acquired | Source of acquisition | Cost, normal purchase price | Total Checkouts | Full call number | Barcode | Date last seen | Cost, replacement price | Price effective from | Koha item type |
|---|---|---|---|---|---|---|---|---|---|---|---|---|---|---|---|---|---|
| Dewey Decimal Classification | Law | St Aloysius Law Library | St Aloysius Law Library | 12/04/2024 | MPP House Law Books Publishers Bengaluru-560009 | 434.35 | 519.5 GEOB | LL000587 | 12/05/2024 | 595.00 | 12/05/2024 | Book | |||||
| Dewey Decimal Classification | Law | St Aloysius Law Library | St Aloysius Law Library | 12/06/2024 | MPP House Law Books Publishers Bengaluru-560009 | 434.35 | 519.5 GEOB | LL000588 | 12/06/2024 | 595.00 | 12/06/2024 | Book | |||||
| Dewey Decimal Classification | Law | St Aloysius Law Library | St Aloysius Law Library | 12/06/2024 | MPP House Law Books Publishers Bengaluru-560009 | 434.35 | 519.5 GEOB | LL000589 | 12/06/2024 | 595.00 | 12/06/2024 | Book | |||||
| Dewey Decimal Classification | Law | St Aloysius Law Library | St Aloysius Law Library | 12/06/2024 | MPP House Law Books Publishers Bengaluru-560009 | 434.35 | 519.5 GEOB | LL000590 | 12/06/2024 | 595.00 | 12/06/2024 | Book | |||||
| Dewey Decimal Classification | Law | St Aloysius Law Library | St Aloysius Law Library | 12/06/2024 | MPP House Law Books Publishers Bengaluru-560009 | 434.35 | 519.5 GEOB | LL000591 | 12/06/2024 | 595.00 | 12/06/2024 | Book |